Фінансовий контроль (Record no. 205183)
[ view plain ]
| 000 -Маркер запису | |
|---|---|
| Маркер (контрольне поле довжиною 24 байти) | 00330 a2200121 i 4500 |
| 001 - Ідентифікатор запису | |
| Ідентифікатор запису | 205183 |
| 003 - Постійний ідентифікатор запису | |
| Постійний ідентифікатор запису | 58468 |
| 100 ## - Дані загальної обробки | |
| Дані загальної обробки | u||y y50 zz |
| 200 ## - Назва | |
| Основна назва | Фінансовий контроль |
| Позначення та/або номер частини | №7 |
| -- | Фінансовий контроль №7 |
| 210 ## - Місце та час видання | |
| Дата видання | 2022 |
| 942 ## - Додаткові дані (Коха) | |
| Код системи класифікації для розстановки фонду | udc |
| Тип одиниці (рівень запису) | Номери журналів |
| Внутрішній № біб-запису в старій системі | 58468 |
| 999 ## - | |
| -- | 58468 |
| -- | 58468 |
| Джерельне місце зберігання | Поточне місце зберігання чи видачі | Тип одиниці (рівень примірника) <br/> | Штрих-код | Джерело класифікації чи схема поличного розташування | Дата внесення в Коха | Стан списання <br/> <br/> | Стан обігу (не для випожичання) | Стан пошкодження | Стан втрати/відсутності | Дата, коли останній раз бачено примірник | Дата останнього редагування примірника |
|---|---|---|---|---|---|---|---|---|---|---|---|
| Читальний зал | Читальний зал | Номери журналів | 2022/7ФінКонт | Універсальна десяткова класифікація (УДК) | 04/03/2024 | 04/03/2024 | 2024-03-04 12:48:45 |